Ani nové prepočty nerozhodli, či separovať alebo zálohovať

Spor, či zálohovať aj plastové fľaše sa ťahá už takmer tri roky. Rôzne argumenty pre aj proti. Zálohovanie by z hľadiska ekológie znížilo objem odpadov, ktorý sa dostáva na skládky a následne do spaľovní. Na druhej strane ekonomika separovania PET fliaš vyzerá neporovnateľne lepšie. Odpor obchodníko...

Ausführliche Beschreibung

Gespeichert in:
Bibliographische Detailangaben
1. Verfasser: Marčan, Peter
Format: Buchkapitel
Sprache:Slowakisch
Schlagworte:
Tags: Tag hinzufügen
Keine Tags, Fügen Sie das erste Tag hinzu!

MARC

LEADER 00000naa$a2200000$$$4500
001 0031572
005 20231009081601.1
041 0 |a slo 
044 |a SK 
245 1 0 |a Ani nové prepočty nerozhodli, či separovať alebo zálohovať  |c Peter Marčan 
520 |a Spor, či zálohovať aj plastové fľaše sa ťahá už takmer tri roky. Rôzne argumenty pre aj proti. Zálohovanie by z hľadiska ekológie znížilo objem odpadov, ktorý sa dostáva na skládky a následne do spaľovní. Na druhej strane ekonomika separovania PET fliaš vyzerá neporovnateľne lepšie. Odpor obchodníkov k zálohovaniu PET fliaš. Alternatíva - zavedenie zálohovaného zberu. 
610 2 0 |a odpad 
610 2 0 |a odpadky 
610 2 0 |a spracovanie odpadu 
610 2 0 |a využitie odpadu 
610 2 0 |a ochrana prostredia životného 
610 2 0 |a financovanie 
100 1 |a Marčan, Peter